000 00746nam a22002417a 4500
999 _c15544
_d15544
003 MIRAKIL
005 20240301140409.0
008 240301b tu ||||| |||| 00| 0 tur d
020 _a9786256977365
040 _aTR-AnCHP
_cTR-AnCHP
041 _atur
082 _aCHP 300
_bC35m 2023
090 _aCHP 300 C35m 2023
100 _aCengiz, Alpaslan
245 1 0 _aMansur Yavaş ve üslup siyaseti /
_cAlpaslan Cengiz.
250 _a1. bs.
260 _aAnkara :
_bKarina yayınevi ,
_c2023.
300 _a382 s. :
_c20 cm.
600 0 _97645
_aYavaş, Mansur
650 4 _91018
_aBelediye Başkanları
_xEleştiri
_zTürkiye
856 _zDijital Nüshası için Partimizin Kütüphane Sorumlusu ile iletişime geçiniz.
942 _2ddc
_cBKS